| 000 | 00682nas a2200229 4500 | ||
|---|---|---|---|
| 001 | BR9208404 | ||
| 003 | BR-BrBNA | ||
| 005 | 20231205093110.0 | ||
| 007 | ta | ||
| 008 | 230509b bl.|||p| |||| 00| 00por d | ||
| 040 |
_aBR-BrBNA _bpor _cBiblioteca Nacional de Agricultura |
||
| 041 | _a(En) | ||
| 072 | _aF70 | ||
| 100 | 1 | _aOsorio, H.S. | |
| 245 | 1 | _aContribution to the lichen flora os Brazil; 3. lichens from western Parana | |
| 650 | _aLIQUEN | ||
| 650 | _aTAXONOMIA VEGETAL | ||
| 650 | _aPARANÁ | ||
| 773 | 0 |
_tActa Biologica Paranaense (Brazil) _xISSN 0301-2123 _g(1977), v. 6(1-4) p. 3-7 _wBR9208404 |
|
| 909 |
_a202311 _bLúcia _c55 _dLúcia Elande |
||
| 942 |
_2AGRIS _n0 _cANA |
||
| 999 |
_c136224 _d136224 |
||